Statistics for NBA 1993 Playoffs Starters

Click here to take the quiz!

General Stats

  • This quiz has been taken 369 times
  • The average score is 45 of 80

Answer Stats

TeamPlayer% Correct
BullsMichael Jordan
99%
BullsScottie Pippen
99%
KnicksPatrick Ewing
97%
SpursAvery Johnson
96%
SunsKevin Johnson
96%
HornetsLarry Johnson
96%
RocketsHakeem Olajuwon
95%
JazzJeff Malone
95%
JazzKarl Malone
95%
JazzJohn Stockton
94%
SpursDavid Robinson
93%
NetsRumeal Robinson
93%
Trail BlazersClyde Drexler
92%
SuperSonicsGary Payton
92%
PacersReggie Miller
92%
HawksDominique Wilkins
90%
SuperSonicsShawn Kemp
90%
SunsCharles Barkley
88%
BullsHorace Grant
87%
KnicksCharles Smith
85%
RocketsKenny Smith
85%
CavaliersMark Price
84%
BullsBill Cartwright
80%
KnicksJohn Starks
79%
CelticsRobert Parish
77%
HornetsAlonzo Mourning
75%
BullsB.J. Armstrong
73%
KnicksCharles Oakley
73%
CavaliersBrad Daugherty
71%
ClippersRon Harper
71%
ClippersMark Jackson
70%
Trail BlazersTerry Porter
67%
Trail BlazersBuck Williams
66%
HornetsMuggsy Bogues
66%
PacersRik Smits
66%
LakersVlade Divac
65%
LakersA.C. Green
64%
CavaliersLarry Nance
64%
JazzMark Eaton
62%
SunsDan Majerle
60%
PacersDetlef Schrempf
58%
RocketsOtis Thorpe
54%
RocketsRobert Horry
54%
PacersDale Davis
53%
SpursSean Elliott
51%
LakersByron Scott
50%
CavaliersCraig Ehlo
50%
NetsDerrick Coleman
49%
KnicksDoc Rivers
49%
RocketsVernon Maxwell
49%
CelticsDee Brown
46%
HawksKevin Willis
46%
NetsDražen Petrović
45%
HawksMookie Blaylock
39%
SunsMark West
36%
ClippersDanny Manning
35%
SpursDale Ellis
31%
SuperSonicsSam Perkins
31%
LakersElden Campbell
30%
HornetsKendall Gill
29%
ClippersStanley Roberts
25%
SuperSonicsRicky Pierce
23%
Trail BlazersRod Strickland
23%
LakersSedale Threatt
23%
SuperSonicsDerrick McKey
21%
SunsRichard Dumas
20%
HawksStacey Augmon
19%
SpursAntoine Carr
18%
HawksJon Koncak
18%
CelticsSherman Douglas
18%
NetsChris Morris
15%
NetsSam Bowie
15%
CelticsKevin Gamble
14%
PacersVern Fleming
13%
JazzDavid Benoit
12%
Trail BlazersMark Bryant
12%
CavaliersMike Sanders
12%
HornetsJohnny Newman
11%
ClippersKen Norman
8%
CelticsAlaa Abdelnaby
6%

Score Distribution

Percentile by Number Answered

Percent of People with Each Score

Your Score History

You have not taken this quiz